Democracy and decision : the pure theory of electoral preference (Record no. 146792)

MARC details
000 -LEADER
fixed length control field 00803nam a2200265Ia 4500
008 - FIXED-LENGTH DATA ELEMENTS--GENERAL INFORMATION
fixed length control field 191130s1997##################000#0#eng##
020 ## - INTERNATIONAL STANDARD BOOK NUMBER
ISBN 9780521585248
082 ## - DEWEY DECIMAL CLASSIFICATION NUMBER
Classification number 324.9 BRE
100 ## - MAIN ENTRY--AUTHOR NAME
Personal name Brennan, Geoffrey
245 ## - TITLE STATEMENT
Title Democracy and decision : the pure theory of electoral preference
Statement of responsibility, etc Geoffrey Brennan, Loren Lomasky
250 ## - EDITION STATEMENT
Edition statement Reprint
260 ## - PUBLICATION, DISTRIBUTION, ETC. (IMPRINT)
Place of publication Cambridge
Name of publisher Cambridge University Press
Year of publication 1997
300 ## - PHYSICAL DESCRIPTION
Number of Pages x, 237 p. : ill. ; 25 cm
500 ## - GENERAL NOTE
General note Includes bibliographical references (p. 226-231) and index
650 ## - SUBJECT ADDED ENTRY--TOPICAL TERM
Topical Term Democracy
Topical Term Pressure groups
Topical Term Social choice
Topical Term Voting
700 ## - ADDED ENTRY--PERSONAL NAME
Personal name Lomasky, Loren E
991 ## -
-- 152776
Holdings
Withdrawn status Lost status Damaged status Not for loan Home library Current library Shelving location Date acquired Full call number Accession Number Price effective from Koha item type
        Anna Centenary Library Anna Centenary Library 3RD FLOOR, B WING 12.10.2020 324.9 BRE 196087 12.10.2020 English Books

Find us on the map